000 00485nam a2200193Ia 4500
003 LK-CoDNM
005 20240729133121.0
008 010623t1914 xxu||||| |||| 00| 1 eng d
040 _aLK-CoDNM
_dLK-CoDNM
_eLK-CoDNM
041 _aeng
080 _a14
_bW19
100 _aSons & Griggs W.
245 _aThe Journal of Indian Art
260 _bW.Griggs Sons Ltd
_aLondon
_c1914
300 _b130p. : ill ; 36 cm
650 _aJaina Art
650 _aKelaniya Vihara
942 _cBK
999 _c88075
_d88075